02033nam a2200385 i 4500003000900000005001700009008004100026017001300067020001500080040004600095041000800141082003200149092000700181099004900188100004700237245028100284250003000565264006400595300003100659336002200690337002400712338003300736504006100769546004100830650007900871650003400950651001000984856005700994905000701051942001901058999001701077952018501094952018601279952018201465EG-GICUC20260121101531.0251222s2005    ua ||||fr|||| 00| 0 ara d  a20044790  a9771713167  a EG-GICUCbarac EG-GICUCd EG-GICUCerda0 aara04221a345.451bإ ب . إ04221  aLaw1 07	345.451 إ ب . إ  1 ed - 2005 0 aإبراهيم المنجيeمؤلف.10aإلغاء الجزاء التاديبي : bامام المحاكم التأديبية ومجالس الـتأديب بمجلس الدولة من التظلم الاداري في قرار الجزاء حتى الحكم بالالغاء /cإبراهيم المنجي.  aالطبعة الاولى 4aالاسكندرية :bمنشأة المعارف,c2005.  a725  صفحة ؛c24 سم.  2rda contentatext  2rda mediaaComputer  2rda carrieraOnline Resource  aيحتوي على ارجاعات ببليوجرافية
  aالنص باللغة العربية14aالسلطات التاديبية xالقانون الإداري2qrmak14aالجزاء التاديبي1 2qrmak40uhttps://fll.law.cu.edu.eg/fulltext/bks/B07-01684.pdf  a75  2ddccBKe21n0  c52137d52137  00102ddc40718القانون الإداريaCUbLAW1d2025-12-22l0oLaw1 07	345.451 إ ب . إ 1 ed - 2005  0701684	C1pB07-01684r2025-12-22 13:51:00t1w2025-12-22yBK  00102ddc40708القانون الإداريaCUbLAW1d2025-12-22l0oLaw1 07	345.451 إ ب . إ  1 ed - 2005  0701685	C2pB07-01685r2025-12-22 13:52:00t2w2025-12-22yBK  00102ddc40708القانون الإداريaCUbLAW2d2025-12-27l0oLaw2 07	345.451 ا ب . ا  1 ed - 2005 0701698 C3 pB07-01698r2025-12-27 13:05:21t3w2025-12-27yBK